000 00671nam a22002177a 4500
003 koha_MIRAKIL
005 20251203100613.0
008 251203b tur||||| |||| 00| 0 tur d
020 _a9789750831140
040 _aTR-IsEVY
_btur
_cTR-IsEVY
041 _atur
082 _aFIC ORA/F
100 _aOral, Feridun
245 0 _aFarklı ama aynı /
_cFeridun Oral.
250 _a11. bs.
260 _aİstanbul :
_bYapı Kredi Yayınları,
_c2018.
300 _a[24] s.
_brenkli resimli ;
_c29 cm.
650 _aChildren's literature -- Short stories, Turkish.
650 _aÇocuk edebiyatı -- Hikaye, Türk.
_vResimli Kitaplar.
_vFarklılıklar.
942 _2ddc
_cBK
999 _c22977
_d22977